000
00220 a2200097 4500
001
48243
100
_a
Farman Fateh Poore
245
_a
Iqbal Sab Kilya
260
_a
Karachi
_b
Urdu academy Sind
_c
090
_c
31198
_d
31198
942
_a
NUST-CAE
_c
M
_c
23556
999
_c
283316
_d
283316